Estracción de rotenona a partir de las semillas de Pachyrhizus erosus (jicama).
Guardado en:
| Hovedforfatter: | |
|---|---|
| Format: | Bog |
| Udgivet: |
San José, Costa Rica
1994
|
| Fag: | |
| Tags: |
Tilføj Tag
Ingen Tags, Vær først til at tagge denne postø!
|
MARC
| LEADER | 00000nam a2200000Ia 4500 | ||
|---|---|---|---|
| 003 | 007628 | ||
| 005 | 20221231144256.0 | ||
| 008 | 140114s1994 cr a m 000 ||s d | ||
| 040 | |c cru CEDI | ||
| 090 | |a TFG 3249 | ||
| 100 | |a Jiménez Bolaños, Ana Graciela |9 10902 | ||
| 245 | |a Estracción de rotenona a partir de las semillas de Pachyrhizus erosus (jicama). | ||
| 260 | |c 1994 |a San José, Costa Rica | ||
| 300 | |a xiv, 107 hojas : ilustraciones. | ||
| 500 | |a Proyecto de graduación (licenciatura en ingeniería química)--Universidad de Costa Rica. Facultad de Ingeniería. Escuela de Ingeniería Química | ||
| 650 | |x ROTENONA |x SEMILLAS DE JICAMA |9 10903 | ||
| 942 | |c TFG |2 ddc | ||
| 999 | |c 19459 |d 19459 | ||
